Feindbild und Traumbild: was den Griechen die Barbaren waren
Saved in:
| Main Author: | |
|---|---|
| Format: | Article (Journal) |
| Language: | German |
| Published: |
31.12.1993
|
| In: |
Frankfurter-Allgemeine-Archiv
Year: 1993, Pages: 8 |
| Online Access: | Verlag, Volltext: https://fazarchiv.faz.net/faz-portal/document?uid=FAZ__F19931231MBGRIEDOK |
| Author Notes: | Tonio Hölscher |
MARC
| LEADER | 00000caa a22000002c 4500 | ||
|---|---|---|---|
| 001 | 1888141018 | ||
| 003 | DE-627 | ||
| 005 | 20240703174427.0 | ||
| 007 | cr uuu---uuuuu | ||
| 008 | 240508s1993 xx |||||o 00| ||ger c | ||
| 035 | |a (DE-627)1888141018 | ||
| 035 | |a (DE-599)KXP1888141018 | ||
| 035 | |a (OCoLC)1443675760 | ||
| 040 | |a DE-627 |b ger |c DE-627 |e rda | ||
| 041 | |a ger | ||
| 084 | |a 60 |2 sdnb | ||
| 100 | 1 | |a Hölscher, Tonio |d 1940- |e VerfasserIn |0 (DE-588)123476623 |0 (DE-627)082577773 |0 (DE-576)161450083 |4 aut | |
| 245 | 1 | 0 | |a Feindbild und Traumbild |b was den Griechen die Barbaren waren |c Tonio Hölscher |
| 264 | 1 | |c 31.12.1993 | |
| 300 | |a 1 | ||
| 336 | |a Text |b txt |2 rdacontent | ||
| 337 | |a Computermedien |b c |2 rdamedia | ||
| 338 | |a Online-Ressource |b cr |2 rdacarrier | ||
| 500 | |a Gesehen am 08.05.2024 | ||
| 773 | 0 | 8 | |i Enthalten in |t Frankfurter-Allgemeine-Archiv |d Frankfurt, M. : Frankfurter Allgemeine Zeitung GmbH, 1993 |g 31.12.1993, No. 304, Seite VIII (Beilage) |h Online-Ressource |w (DE-627)336454856 |w (DE-600)2061313-1 |w (DE-576)116532912 |7 nnas |a Feindbild und Traumbild was den Griechen die Barbaren waren |
| 773 | 1 | 8 | |g year:1993 |g day:31 |g month:12 |g pages:8 |g extent:1 |a Feindbild und Traumbild was den Griechen die Barbaren waren |
| 856 | 4 | 0 | |u https://fazarchiv.faz.net/faz-portal/document?uid=FAZ__F19931231MBGRIEDOK |x Verlag |3 Volltext |
| 951 | |a AR | ||
| 992 | |a 20240508 | ||
| 993 | |a Article | ||
| 994 | |a 1993 | ||
| 998 | |g 123476623 |a Hölscher, Tonio |m 123476623:Hölscher, Tonio |d 70000 |d 71700 |d 71750 |e 70000PH123476623 |e 71700PH123476623 |e 71750PH123476623 |k 0/70000/ |k 1/70000/71700/ |k 2/70000/71700/71750/ |p 1 |x j |y j | ||
| 999 | |a KXP-PPN1888141018 |e 452168596X | ||
| BIB | |a Y | ||
| SER | |a newspaper | ||
| JSO | |a {"origin":[{"dateIssuedKey":"1993","dateIssuedDisp":"31.12.1993"}],"person":[{"family":"Hölscher","given":"Tonio","role":"aut","display":"Hölscher, Tonio"}],"language":["ger"],"note":["Gesehen am 08.05.2024"],"type":{"bibl":"article-newspaper","media":"Online-Ressource"},"recId":"1888141018","relHost":[{"origin":[{"publisher":"Frankfurter Allgemeine Zeitung GmbH","publisherPlace":"Frankfurt, M.","dateIssuedDisp":"1993-","dateIssuedKey":"1993"}],"part":{"pages":"8","year":"1993","extent":"1","text":"31.12.1993, No. 304, Seite VIII (Beilage)"},"recId":"336454856","note":["Gesehen am 25.07.2017","Enth.: Berichte der Rhein-Main-Zeitung und der Frankfurter Allgemeinen Sonntagszeitung 1995 - ; Berliner Seiten 09.1999 -; Frankfurter Allgemeine Magazin 1996 -"],"type":{"bibl":"newspaper","media":"Online-Ressource"},"language":["ger"],"disp":"Feindbild und Traumbild was den Griechen die Barbaren warenFrankfurter-Allgemeine-Archiv","titleAlt":[{"title":"Das F.A.Z.-Archiv"},{"title":"Frankfurter Allgemeine Zeitung"},{"title":"Frankfurter Allgemeine Sonntagszeitung"},{"title":"Rhein-Main-Zeitung"},{"title":"FAZ-Archiv"},{"title":"Frankfurter Allgemeine Magazin"}],"id":{"eki":["336454856"],"zdb":["2061313-1"]},"physDesc":[{"extent":"Online-Ressource"}],"title":[{"title_sort":"Frankfurter-Allgemeine-Archiv","title":"Frankfurter-Allgemeine-Archiv"}],"pubHistory":["1993 -"]}],"id":{"eki":["1888141018"]},"physDesc":[{"extent":"1 S."}],"title":[{"title_sort":"Feindbild und Traumbild","title":"Feindbild und Traumbild","subtitle":"was den Griechen die Barbaren waren"}],"name":{"displayForm":["Tonio Hölscher"]}} | ||
| SRT | |a HOELSCHERTFEINDBILDU3112 | ||